[Event "Amagermesterskabet 2011"]
[Site "Sundbyoster"]
[Date "2011.09.20"]
[Round "1"]
[White "Brorsen, Jacob Abildlund"]
[Black "Mollmann, Erik"]
[Result "1/2-1/2"]
[WhiteElo "2101"]
[BlackElo "1601"]
[PlyCount "77"]
[EventDate "2011.??.??"]

1. d4 c5 2. d5 Nf6 3. c4 g6 4. Nc3 Bg7 5. e4 d6 6. Bd3 O-O 7. Nge2 Nbd7 8. O-O
Rb8 9. Be3 Ng4 10. Bg5 h6 11. Bh4 Nde5 12. Qd2 Nxd3 13. Qxd3 Ne5 14. Qc2 Nxc4
15. b3 Ne5 16. f4 Ng4 17. Rf3 b5 18. Raf1 b4 19. Nd1 Nf6 20. Ne3 Qc7 21. f5 g5
22. Bg3 Ba6 23. Re1 Nd7 24. h4 Ne5 25. Bxe5 Bxe5 26. hxg5 hxg5 27. Ng4 Bxe2 28.
Qxe2 Bd4+ 29. Kh2 Kg7 30. Rh3 Rh8 31. Rf1 Qb7 32. e5 Rxh3+ 33. gxh3 dxe5 34.
f6+ exf6 35. Nxf6 e4 36. Nh5+ Kh6 37. Qxe4 Qc7+ 38. Kg2 Qe5 39. Rf6+ 1/2-1/2

[Event "Amagermesterskabet 2011"]
[Site "Sundbyoster"]
[Date "2011.08.30"]
[Round "1"]
[White "Grafmoller, Torben"]
[Black "Thorgrimson, Elof"]
[Result "1-0"]
[WhiteElo "1794"]
[BlackElo "1694"]
[PlyCount "121"]
[EventDate "2011.??.??"]

1. Nf3 Nf6 2. g3 d5 3. Bg2 Nc6 4. O-O e5 5. d3 Be7 6. Nbd2 O-O 7. e4 dxe4 8.
dxe4 Bg4 9. h3 Bh5 10. c3 Re8 11. Qc2 Bc5 12. b4 Bd6 13. a4 a6 14. Bb2 Qe7 15.
Nh4 Nd7 16. Nf5 Qe6 17. Nxd6 cxd6 18. f4 exf4 19. Rxf4 Nce5 20. Raf1 f6 21. g4
Bg6 22. Rd1 Rec8 23. Nb3 Nc4 24. Bc1 Nde5 25. Nd4 Qd7 26. Nf5 b5 27. a5 Rc6 28.
Qf2 Rf8 29. Qh4 Kh8 30. g5 fxg5 31. Qxg5 Bxf5 32. exf5 Rc7 33. Bd5 Qe7 34. Qh5
Qf6 35. Be6 h6 36. Rf2 g5 37. Rg2 Rg7 38. h4 gxh4 39. Qxh6+ Qxh6 40. Bxh6 Rxg2+
41. Kxg2 Re8 42. Kh3 Kh7 43. Bf4 Kg7 44. Bxe5+ dxe5 45. Rd7+ Kf6 46. Rf7+ Kg5
47. Rg7+ Kf4 48. Rg4+ Ke3 49. Bxc4 bxc4 50. Rxc4 e4 51. Rc6 Kf3 52. Re6 Rf8 53.
f6 e3 54. b5 axb5 55. a6 Kf2 56. a7 e2 57. f7 e1=Q 58. Rxe1 Kxe1 59. Kxh4 Kd2
60. Kg5 Kxc3 61. Kg6 1-0

[Event "Amagermesterskabet 2011"]
[Site "Sundbyoster"]
[Date "2011.08.30"]
[Round "1"]
[White "Jensen, Thore Nyboe"]
[Black "Gade, Jens"]
[Result "1/2-1/2"]
[WhiteElo "2013"]
[BlackElo "1292"]
[PlyCount "40"]
[EventDate "2011.??.??"]

1. e4 c5 2. Nf3 d6 3. d4 cxd4 4. Nxd4 Nf6 5. Nc3 a6 6. Be2 e6 7. Be3 Be7 8. g4
O-O 9. g5 Ne8 10. Qd2 Nc6 11. f4 Nxd4 12. Qxd4 f5 13. exf5 Rxf5 14. Bd3 Rf8 15.
h4 Bd7 16. O-O-O Bc6 17. Rh2 Qa5 18. Ne4 Rd8 19. a3 e5 20. fxe5 Qxe5 1/2-1/2

[Event "Amagermesterskabet 2011"]
[Site "Sundbyoster"]
[Date "2011.10.18"]
[Round "1"]
[White "Kinch, Peder"]
[Black "Andersen, Henrik Hauge"]
[Result "0-1"]
[WhiteElo "1204"]
[BlackElo "1799"]
[PlyCount "94"]
[EventDate "2011.??.??"]

1. f4 d5 2. Nf3 Nf6 3. e3 g6 4. Be2 Bg7 5. O-O O-O 6. c4 b6 7. Nc3 Bb7 8. Rb1
c5 9. d4 cxd4 10. Nxd4 dxc4 11. Bxc4 Qc7 12. Bb3 Nbd7 13. Bc2 e5 14. Nde2 Nc5
15. Qe1 e4 16. Nd4 Ba6 17. Rf2 Nd3 18. Bxd3 Bxd3 19. Ra1 Ng4 20. Rd2 Rfd8 21.
h3 Nxe3 22. Rxd3 exd3 23. Bxe3 Bxd4 24. Bxd4 Rxd4 25. Nb5 Qxf4 26. Nxd4 Qxd4+
27. Qf2 Qxf2+ 28. Kxf2 Re8 29. Re1 Re6 30. Rxe6 fxe6 31. Ke3 d2 32. Kxd2 Kf7
33. Ke3 Kf6 34. Ke4 Kg5 35. g3 Kf6 36. b4 a5 37. bxa5 bxa5 38. a4 g5 39. g4 Kf7
40. Kd4 Ke8 41. Ke4 Ke7 42. Ke5 Kd7 43. Kd4 Kd6 44. Ke4 e5 45. Kf5 Kd5 46. Kxg5
e4 47. Kf4 Kd4 0-1

[Event "Amagermesterskabet 2011"]
[Site "Sundbyoster"]
[Date "2011.08.30"]
[Round "1"]
[White "Lontoft, Sven"]
[Black "Brorsen, Kristian"]
[Result "1-0"]
[WhiteElo "1699"]
[BlackElo "1189"]
[PlyCount "105"]
[EventDate "2011.??.??"]

1. c4 c6 2. Nc3 d5 3. cxd5 cxd5 4. d4 Nf6 5. Bg5 e6 6. Nf3 g6 7. e3 Bg7 8. Rc1
Qa5 9. Bd3 Nc6 10. a3 O-O 11. O-O Re8 12. Nb5 e5 13. dxe5 Ng4 14. b4 Qb6 15.
Nd6 Re6 16. Nd4 Rxe5 17. Nxc8 Rxc8 18. Qxg4 Ree8 19. Nxc6 bxc6 20. Bf4 Re6 21.
Qg3 Bb2 22. Rb1 Bxa3 23. Bd6 a5 24. bxa5 Qxa5 25. Ra1 c5 26. Rfb1 Qc3 27. Be2
Bb2 28. Ra2 Bc1 29. Kf1 Bxe3 30. fxe3 Rxe3 31. Qf4 Re6 32. Rb8 Rce8 33. Rxe8+
Rxe8 34. Qd2 Qf6+ 35. Qf4 Qc3 36. Rd2 Re6 37. Rd3 Qa1+ 38. Rd1 Qc3 39. Qg3 Qf6+
40. Qf3 Qxf3+ 41. Bxf3 Rxd6 42. Rxd5 Rxd5 43. Bxd5 Kf8 44. Ke2 Ke7 45. Kd3 f6
46. Ke4 h6 47. Kf4 Kd6 48. Bf7 g5+ 49. Kf5 Ke7 50. Bc4 h5 51. Kg6 h4 52. Kf5 h3
53. g3 1-0

[Event "Amagermesterskabet 2011"]
[Site "Sundbyoster"]
[Date "2011.08.30"]
[Round "1"]
[White "Haagen Larsen, Hans"]
[Black "Mielow, Bjarne"]
[Result "1/2-1/2"]
[WhiteElo "1618"]
[BlackElo "1566"]
[PlyCount "131"]
[EventDate "2011.??.??"]

1. e4 c5 2. d4 cxd4 3. c3 dxc3 4. Nxc3 Nc6 5. Nf3 e5 6. Bc4 h6 7. Nb5 d6 8. Be3
a6 9. Nc3 Nf6 10. O-O Be7 11. Nd2 O-O 12. f4 Ng4 13. Qf3 Nxe3 14. Qxe3 exf4 15.
Qf2 Bf6 16. Nf3 Ne5 17. Nxe5 Bxe5 18. Nd5 Be6 19. Rac1 b5 20. Bb3 Rc8 21. Rxc8
Bxc8 22. Nxf4 Qf6 23. Nd5 Qxf2+ 24. Kxf2 Bxb2 25. Ke3 Be5 26. g3 Kh8 27. Ne7
Bf6 28. Nd5 Bg5+ 29. Kd3 a5 30. h4 Bd8 31. Rc1 Be6 32. Nc7 Bxb3 33. axb3 f5 34.
Nxb5 fxe4+ 35. Kxe4 Be7 36. Rc7 Re8 37. Kd5 Bf8 38. Nxd6 Bxd6 39. Kxd6 Re3 40.
Ra7 Rxg3 41. Rxa5 Rxb3 42. Ke6 Rf3 43. Rf5 Rh3 44. h5 Kg8 45. Rd5 Re3+ 46. Re5
Rd3 47. Ke7 Rg3 48. Ke6 Rg2 49. Ke7 Rf2 50. Ke6 Rb2 51. Rf5 Rb7 52. Rc5 Rb8 53.
Ke7 Rf8 54. Ke6 Re8+ 55. Kd7 Re3 56. Rf5 Kh7 57. Kd6 g5 58. Rf7+ Kg8 59. Rf6
Kg7 60. Rg6+ Kh7 61. Rf6 Re4 62. Rg6 Rh4 63. Ke6 Rf4 64. Ke5 Rf7 65. Ke4 Rf4+
66. Ke5 1/2-1/2

[Event "Amagermesterskabet 2011"]
[Site "Sundbyoster"]
[Date "2011.08.30"]
[Round "1"]
[White "Larsen, Julie"]
[Black "Hansen, Benny"]
[Result "0-1"]
[WhiteElo "1162"]
[BlackElo "1432"]
[PlyCount "56"]
[EventDate "2011.??.??"]

1. e4 c5 2. c3 d6 3. Nf3 Nf6 4. d3 Bg4 5. Nbd2 Nc6 6. h3 Bxf3 7. Nxf3 e6 8. Be3
Qc7 9. Qc2 Be7 10. d4 cxd4 11. cxd4 d5 12. exd5 exd5 13. Bd3 Bb4+ 14. Nd2 O-O
15. O-O Rfe8 16. a3 Bd6 17. Nf3 Bf4 18. Rae1 Qd6 19. Qb1 Re7 20. g3 Bxe3 21.
fxe3 Qxg3+ 22. Kh1 Qxh3+ 23. Nh2 Rae8 24. Rf3 Qh4 25. Re2 Nxd4 26. exd4 Rxe2
27. Bxe2 Rxe2 28. Qg1 Ng4 0-1

[Event "Amagermesterskabet 2011"]
[Site "Sundbyoster"]
[Date "2011.08.30"]
[Round "1"]
[White "Larsen, Ulrik Jejlskov"]
[Black "Gram, Mathias Laerkegaard"]
[Result "0-1"]
[WhiteElo "1591"]
[BlackElo "1471"]
[PlyCount "90"]
[EventDate "2011.??.??"]

1. d4 d5 2. e3 Nf6 3. Bd3 c6 4. Nf3 e6 5. Nbd2 Nbd7 6. Qe2 Bd6 7. e4 dxe4 8.
Nxe4 Nxe4 9. Qxe4 Nf6 10. Qh4 Qa5+ 11. c3 Qh5 12. Bg5 Qxh4 13. Bxh4 Nd5 14. O-O
O-O 15. Rfe1 b6 16. Rac1 a5 17. a3 Ba6 18. Bxa6 Rxa6 19. c4 Nf4 20. Rc3 b5 21.
c5 Bc7 22. Ne5 b4 23. axb4 axb4 24. Rb3 Ne2+ 25. Kf1 Nxd4 26. Rd3 Bxe5 27. Rxe5
f6 28. Re4 Ra1+ 29. Re1 Rxe1+ 30. Kxe1 e5 31. f3 Kf7 32. Bf2 Rd8 33. Kd2 Ke6
34. f4 Nb3+ 35. Kc2 Rxd3 36. Kxd3 Kd5 37. fxe5 Nxc5+ 38. Bxc5 Kxc5 39. e6 Kd6
40. e7 Kxe7 41. Kc4 Kd6 42. Kxb4 Kd5 43. Kc3 f5 44. Kd3 g5 45. h3 h5 0-1

[Event "Amagermesterskabet 2011"]
[Site "Sundbyoster"]
[Date "2011.08.30"]
[Round "1"]
[White "Nielsen, Bjorn"]
[Black "Nielsen, Mogens Bach"]
[Result "0-1"]
[WhiteElo "1084"]
[BlackElo "1804"]
[PlyCount "98"]
[EventDate "2011.??.??"]

1. e4 Nf6 2. Nc3 d5 3. Nxd5 Nxd5 4. exd5 Qxd5 5. d4 Nc6 6. Nf3 Bf5 7. c3 e6 8.
Be2 Be7 9. O-O O-O-O 10. Bf4 f6 11. h3 g5 12. Bh2 h5 13. Qb3 g4 14. Qxd5 exd5
15. Nh4 Bd7 16. hxg4 hxg4 17. Bg3 Rh6 18. Bd3 Rdh8 19. f4 Rxh4 20. f5 Rh1+ 21.
Kf2 Rxf1+ 22. Rxf1 Rh5 23. Ke3 Bd6 24. Bxd6 cxd6 25. Kf4 Ne7 26. Kxg4 Rg5+ 27.
Kf3 Bxf5 28. Bxf5+ Rxf5+ 29. Ke2 Rxf1 30. Kxf1 Kd7 31. Kf2 Ke6 32. Kf3 Kf5 33.
a3 Nc8 34. g4+ Kg5 35. Kg3 Ne7 36. b3 Ng8 37. c4 dxc4 38. bxc4 Nh6 39. d5 b6
40. a4 Nxg4 41. a5 Ne5 42. c5 bxc5 43. Kf2 Kf4 44. Ke2 f5 45. Kd2 Ke4 46. Kc3
f4 47. Kb3 f3 48. Ka4 f2 49. Kb5 f1=Q+ 0-1

[Event "Amagermesterskabet 2011"]
[Site "Sundbyoster"]
[Date "2011.08.30"]
[Round "1"]
[White "Petersen, Nils"]
[Black "Jensen, Jonbert"]
[Result "1-0"]
[WhiteElo "1985"]
[BlackElo "1345"]
[PlyCount "91"]
[EventDate "2011.??.??"]

1. c4 Nf6 2. g3 e5 3. Bg2 Bc5 4. e3 O-O 5. Ne2 d5 6. cxd5 Nxd5 7. O-O c6 8. a3
a5 9. Nbc3 Be6 10. d4 Bd6 11. Nxd5 cxd5 12. Qb3 Qd7 13. Bxd5 Bh3 14. Rd1 Nc6
15. dxe5 Bxe5 16. Bg2 Qe6 17. Qxe6 Bxe6 18. Nc3 Bb3 19. Rd2 Rad8 20. f4 Bxc3
21. bxc3 Rxd2 22. Bxd2 Rd8 23. Be1 Rd6 24. Kf2 b5 25. Rb1 a4 26. Bf1 Na7 27.
Rb2 Rd8 28. Rd2 Rxd2+ 29. Bxd2 f5 30. Bd3 g6 31. e4 fxe4 32. Bxe4 Kf7 33. Be3
Nc8 34. Bc5 Ne7 35. Bxe7 Kxe7 36. Ke3 Kd6 37. Kd4 Be6 38. Bd3 Bd7 39. c4 bxc4
40. Bxc4 Be8 41. Bg8 h6 42. Kc4 Kc6 43. Kb4 Kb6 44. Bd5 Ka6 45. Be4 Kb6 46. Bc2
1-0

[Event "Amagermesterskabet 2011"]
[Site "Sundbyoster"]
[Date "2011.08.30"]
[Round "1"]
[White "Svensson, John Michael"]
[Black "Lunding, Peter M"]
[Result "0-1"]
[WhiteElo "1409"]
[BlackElo "1928"]
[PlyCount "86"]
[EventDate "2011.??.??"]

1. Nf3 d5 2. c4 c6 3. cxd5 cxd5 4. g3 Nc6 5. Bg2 e5 6. d3 Nf6 7. O-O h6 8. Qc2
Be6 9. a3 Rc8 10. Qa4 Qd7 11. b4 Bd6 12. Bb2 d4 13. Nbd2 Bb8 14. Rfc1 O-O 15.
Qd1 Nd5 16. Ne4 b6 17. Ned2 f6 18. Nc4 Nce7 19. Nfd2 Bc7 20. Nb3 Nf5 21. Qd2
Nd6 22. a4 Qe7 23. b5 Rfd8 24. e4 dxe3 25. fxe3 Nxc4 26. Rxc4 Bd6 27. Rxc8 Rxc8
28. Rc1 Rxc1+ 29. Nxc1 Bb4 30. Qe2 Nc3 31. Bxc3 Bxc3 32. Qc2 Qc5 33. Kh1 Bd4
34. Qxc5 Bxc5 35. d4 exd4 36. exd4 Bxd4 37. Ne2 Be5 38. Bb7 Bb3 39. Kg2 Bxa4
40. Ba6 Kf7 41. Kf3 Ke6 42. Ke4 Kd6 43. Kd3 Kc5 0-1

[Event "Amagermesterskabet 2011"]
[Site "Sundbyoster"]
[Date "2011.09.20"]
[Round "2"]
[White "Andersen, Henrik Hauge"]
[Black "Larsen, Ulrik Jejlskov"]
[Result "1-0"]
[WhiteElo "1799"]
[BlackElo "1591"]
[PlyCount "61"]
[EventDate "2011.??.??"]

1. e4 d5 2. exd5 Nf6 3. Bb5+ c6 4. dxc6 Nxc6 5. Nf3 Qc7 6. O-O Bg4 7. d4 e6 8.
Bg5 Bd6 9. h3 Bh5 10. c3 Ne4 11. Be3 h6 12. d5 exd5 13. Qxd5 Nf6 14. Qd1 O-O-O
15. Nbd2 Nd5 16. Bxc6 Nxe3 17. Bxb7+ Qxb7 18. fxe3 Bc5 19. Qe2 Rhe8 20. Qc4 Qc6
21. Nd4 Qd5 22. Rf5 Re5 23. Qa6+ Kd7 24. Rxe5 Qxe5 25. Qc6+ Ke7 26. Nc4 Qg5 27.
h4 Qd5 28. Qxd5 Rxd5 29. b4 Bxd4 30. exd4 Be2 31. Re1 1-0

[Event "Amagermesterskabet 2011"]
[Site "Sundbyoster"]
[Date "2011.09.06"]
[Round "2"]
[White "Brorsen, Kristian"]
[Black "Tronning, Mark Philip"]
[Result "0-1"]
[WhiteElo "1189"]
[BlackElo "1439"]
[PlyCount "72"]
[EventDate "2011.??.??"]

1. d4 Nf6 2. Nf3 d5 3. Bf4 Bf5 4. e3 a6 5. c4 e6 6. Nc3 Be7 7. cxd5 exd5 8.
Qa4+ Nbd7 9. Qa5 Nb6 10. Na4 Nxa4 11. Qxa4+ c6 12. Be2 Qb6 13. O-O Qxb2 14. Qd1
Bc2 15. Qc1 Ba3 16. Qxb2 Bxb2 17. Rae1 O-O 18. Ne5 h6 19. Bf3 g5 20. Bg3 Bf5
21. Rb1 Bxb1 22. Rxb1 Ba3 23. Rxb7 Rab8 24. Rxb8 Rxb8 25. h4 Rb1+ 26. Kh2 c5
27. dxc5 Bxc5 28. Ng4 Nxg4+ 29. Bxg4 Rb2 30. a4 Rb4 31. Bd1 gxh4 32. Be5 d4 33.
e4 d3 34. f3 Bf2 35. a5 d2 36. Bc2 Rc4 0-1

[Event "Amagermesterskabet 2011"]
[Site "Sundbyoster"]
[Date "2011.09.06"]
[Round "2"]
[White "Hansen, Benny"]
[Black "Gram, Mathias Laerkegaard"]
[Result "0-1"]
[WhiteElo "1432"]
[BlackElo "1471"]
[PlyCount "50"]
[EventDate "2011.??.??"]

1. Nf3 g6 2. g3 Bg7 3. Bg2 d5 4. d4 c5 5. c3 cxd4 6. Nxd4 Nc6 7. Be3 e5 8. Nf3
Nge7 9. O-O O-O 10. Qc1 Nf5 11. Bc5 Re8 12. Nbd2 e4 13. Ne1 b6 14. Be3 Ba6 15.
Qd1 d4 16. cxd4 Ncxd4 17. Qa4 Nxe2+ 18. Kh1 Nexg3+ 19. Kg1 Bxf1 20. Nxf1 Ne2+
21. Kh1 Nxe3 22. Nxe3 Qh4 23. N1c2 Be5 24. h3 Qxf2 25. Nf1 Qg1# 0-1

[Event "Amagermesterskabet 2011"]
[Site "Sundbyoster"]
[Date "2011.09.06"]
[Round "2"]
[White "Jensen, Jonbert"]
[Black "Svensson, John Michael"]
[Result "0-1"]
[WhiteElo "1345"]
[BlackElo "1409"]
[PlyCount "72"]
[EventDate "2011.??.??"]

1. e4 d5 2. exd5 Qxd5 3. Nc3 Qa5 4. Nf3 Nf6 5. Be2 Bg4 6. O-O c6 7. d4 e6 8.
Ne5 Bf5 9. Bd3 Bg6 10. a3 Nbd7 11. Re1 Be7 12. Qd2 Nxe5 13. Rxe5 Qc7 14. g3
Bxd3 15. Qxd3 Rd8 16. Re1 O-O 17. Ne2 c5 18. Qc4 Nd5 19. c3 Nb6 20. Qb3 cxd4
21. Nxd4 Nd5 22. Qc2 Rc8 23. Nf3 Rfe8 24. Ng5 g6 25. Qe4 Bf8 26. Qf3 Bg7 27.
Rb1 Qb6 28. Qxf7+ Kh8 29. Nxe6 Re7 30. Qf3 Rxe6 31. Rd1 Nxc3 32. Be3 Rxe3 33.
bxc3 Qxb1 34. Rxb1 Rxf3 35. Rxb7 Rfxc3 36. Rxa7 Rc1+ 0-1

[Event "Amagermesterskabet 2011"]
[Site "Sundbyoster"]
[Date "2011.09.06"]
[Round "2"]
[White "Lontoft, Sven"]
[Black "Henriksen, Peter"]
[Result "1-0"]
[WhiteElo "1699"]
[BlackElo "1459"]
[PlyCount "138"]
[EventDate "2011.??.??"]

1. Nf3 d5 2. d4 h6 3. c4 Nf6 4. cxd5 Nxd5 5. e4 Nf6 6. Nc3 c6 7. Bf4 Nbd7 8.
Bd3 Nb6 9. h3 g5 10. Be3 Bg7 11. Rc1 g4 12. Ne5 h5 13. h4 Be6 14. f4 gxf3 15.
gxf3 a6 16. b3 Qc7 17. Ne2 O-O-O 18. Bf4 Bh6 19. Qd2 Bxf4 20. Qxf4 Rhg8 21. d5
Nbxd5 22. exd5 Nxd5 23. Qe4 Qa5+ 24. Kf2 Qb6+ 25. Qd4 Qxd4+ 26. Nxd4 Nf4 27.
Ndxc6 bxc6 28. Rxc6+ Kb8 29. Bxa6 Rg2+ 30. Ke3 Nd5+ 31. Ke4 f5+ 32. Kd3 Nb4+
33. Ke3 Nd5+ 34. Kd3 Ka7 35. Rxe6 Nf4+ 36. Ke3 Nxe6 37. Bf1 Rc2 38. Bc4 f4+ 39.
Ke4 Rd4+ 40. Kf5 Ng7+ 41. Kg6 Rg2+ 42. Kf7 Kb6 43. Kxe7 Rxa2 44. Kf6 Rg2 45.
Ra1 Ne8+ 46. Ke7 Nc7 47. Nd7+ Kb7 48. Nc5+ Kc6 49. Ne4 Rh2 50. Ra5 Rxh4 51. Nf6
Rh3 52. Nxh5 Rxf3 53. Rf5 Re3+ 54. Kf6 f3 55. Kg5 Ne6+ 56. Bxe6 Rxe6 57. Rxf3
Rb4 58. Nf4 Ree4 59. Kf5 Re8 60. Rc3+ Kd6 61. Rd3+ Kc6 62. Rc3+ Kb5 63. Nd5
Rf8+ 64. Ke5 Rh4 65. Kd6 Rd4 66. Rc5+ Ka6 67. Kc6 Rc8+ 68. Nc7+ Ka7 69. Ra5+
Kb8 1-0

[Event "Amagermesterskabet 2011"]
[Site "Sundbyoster"]
[Date "2011.09.06"]
[Round "2"]
[White "Haagen Larsen, Hans"]
[Black "Jensen, Thore Nyboe"]
[Result "0-1"]
[WhiteElo "1618"]
[BlackElo "2013"]
[PlyCount "60"]
[EventDate "2011.??.??"]

1. e4 c5 2. d4 cxd4 3. c3 dxc3 4. Nxc3 e6 5. Bf4 a6 6. Nf3 d6 7. Bc4 Be7 8. e5
d5 9. Bb3 Nc6 10. O-O b5 11. Rc1 Bb7 12. a4 b4 13. Ne2 g5 14. Bg3 h5 15. h3 Qb6
16. Nfd4 Nxd4 17. Qxd4 Qxd4 18. Nxd4 Rc8 19. Rxc8+ Bxc8 20. Rc1 Bd7 21. Rc7 Bd8
22. Rc2 Ne7 23. f4 gxf4 24. Bf2 Rg8 25. Kh2 Ng6 26. Nc6 Bxc6 27. Rxc6 a5 28.
Bd4 Nh4 29. Rc2 Rg3 30. Bf2 Rxb3 0-1

[Event "Amagermesterskabet 2011"]
[Site "Sundbyoster"]
[Date "2011.09.06"]
[Round "2"]
[White "Larsen, Julie"]
[Black "Kinch, Peder"]
[Result "1-0"]
[WhiteElo "1162"]
[BlackElo "1204"]
[PlyCount "49"]
[EventDate "2011.??.??"]

1. e4 e5 2. Nf3 Nc6 3. Bb5 Bc5 4. O-O Nge7 5. Nc3 O-O 6. Re1 d6 7. h3 a6 8. Bc4
Kh8 9. Ng5 d5 10. exd5 Na5 11. Qe2 f6 12. Ne6 Bxe6 13. dxe6 Qd4 14. d3 Nxc4 15.
dxc4 Qd6 16. Ne4 Qb6 17. Nxc5 Qxc5 18. Be3 Qc6 19. Rad1 Nf5 20. b3 Nxe3 21.
Qxe3 Qxe6 22. Rd3 f5 23. Qxe5 Qxe5 24. Rxe5 g6 25. Rd7 1-0

[Event "Amagermesterskabet 2011"]
[Site "Sundbyoster"]
[Date "2011.09.06"]
[Round "2"]
[White "Lunding, Peter M"]
[Black "Petersen, Nils"]
[Result "1/2-1/2"]
[WhiteElo "1928"]
[BlackElo "1985"]
[PlyCount "35"]
[EventDate "2011.??.??"]

1. d4 Nf6 2. Nf3 e6 3. Bg5 h6 4. Bh4 c5 5. e3 b6 6. c3 Bb7 7. Nbd2 Be7 8. Bd3
Nc6 9. O-O O-O 10. Qe2 d5 11. Rad1 Re8 12. Bb1 Nd7 13. Bxe7 Qxe7 14. dxc5 bxc5
15. c4 Nce5 16. Nxe5 Nxe5 17. f4 Nd7 18. e4 1/2-1/2

[Event "Amagermesterskabet 2011"]
[Site "Sundbyoster"]
[Date "2011.09.06"]
[Round "2"]
[White "Mollmann, Erik"]
[Black "Friis, Jordy"]
[Result "1/2-1/2"]
[WhiteElo "1601"]
[BlackElo "1660"]
[PlyCount "54"]
[EventDate "2011.??.??"]

1. d4 d5 2. Nf3 e6 3. Bf4 c6 4. Nbd2 f5 5. e3 Nf6 6. Be2 Bd6 7. Ne5 O-O 8. Bg5
Qe8 9. O-O b6 10. c4 Bb7 11. Rc1 Ne4 12. Nxe4 fxe4 13. Bh5 Qc8 14. Qg4 Bxe5 15.
dxe5 Qd7 16. cxd5 cxd5 17. f4 exf3 18. gxf3 Nc6 19. Qa4 Rf5 20. Qh4 Nxe5 21. f4
Nc4 22. Rc3 Nxb2 23. Bg4 Rff8 24. Qh3 Rae8 25. f5 Ba6 26. Rfc1 Bc4 27. fxe6 Qd6
1/2-1/2

[Event "Amagermesterskabet 2011"]
[Site "Sundbyoster"]
[Date "2011.09.08"]
[Round "2"]
[White "Mielow, Bjarne"]
[Black "Gade, Jens"]
[Result "1-0"]
[WhiteElo "1566"]
[BlackElo "1292"]
[PlyCount "109"]
[EventDate "2011.??.??"]

1. e4 c5 2. Nf3 d6 3. b3 Nc6 4. Bb2 Bg4 5. h3 Bh5 6. g4 Bg6 7. d3 Nf6 8. Nbd2
Qc7 9. Nh4 O-O-O 10. Nxg6 hxg6 11. Bg2 e5 12. Qf3 Nd4 13. Qd1 Be7 14. Nf3 Qa5+
15. c3 Nxf3+ 16. Qxf3 Rdf8 17. O-O Nh7 18. b4 Qc7 19. bxc5 dxc5 20. d4 Ng5 21.
Qe3 f6 22. Ba3 Ne6 23. Rfd1 Kb8 24. d5 Nf4 25. Bf1 Bd6 26. Rdb1 f5 27. gxf5
gxf5 28. c4 fxe4 29. Rb3 g5 30. Rab1 b6 31. Qxe4 Rh4 32. Qh1 g4 33. Bc1 Nxh3+
34. Bxh3 gxh3 35. Rxh3 Qg7+ 36. Kf1 Rxh3 37. Qxh3 Qf6 38. Be3 Rh8 39. Qg2 Qh4
40. Rc1 Qh1+ 41. Qxh1 Rxh1+ 42. Ke2 Rxc1 43. Bxc1 a6 44. a4 Kb7 45. Kd3 Kc7 46.
Bd2 a5 47. Ke4 Kd7 48. Kf5 Ke7 49. Bg5+ Kd7 50. Bf6 b5 51. cxb5 c4 52. Ke4 c3
53. Kd3 e4+ 54. Kxc3 Bb4+ 55. Kd4 1-0

[Event "Amagermesterskabet 2011"]
[Site "Sundbyoster"]
[Date "2011.09.06"]
[Round "2"]
[White "Nielsen, Mogens Bach"]
[Black "Grafmoller, Torben"]
[Result "1/2-1/2"]
[WhiteElo "1804"]
[BlackElo "1794"]
[PlyCount "108"]
[EventDate "2011.??.??"]

1. c4 Nf6 2. Nc3 g6 3. e4 d6 4. d4 Bg7 5. Be2 O-O 6. Bg5 Nbd7 7. Nf3 c5 8. d5
a6 9. Qd2 b5 10. cxb5 Qa5 11. bxa6 Bxa6 12. Bxa6 Qxa6 13. Qe2 Qxe2+ 14. Kxe2 h6
15. Bd2 Rfb8 16. Rab1 Nb6 17. Rhc1 Na4 18. e5 Nxc3+ 19. Bxc3 Nxd5 20. Kf1 Nxc3
21. Rxc3 Rxa2 22. Rc2 Rb5 23. exd6 exd6 24. Rd2 Rb6 25. b3 Ra1 26. Rxa1 Bxa1
27. Rd3 Kf8 28. Ke2 Ke7 29. Nd2 Ra6 30. Kf3 Bd4 31. b4 Rb6 32. bxc5 dxc5 33.
Ke2 Rb2 34. f4 f5 35. Kf3 Rc2 36. g4 Rc3 37. Rxc3 Bxc3 38. Nb3 Bb4 39. gxf5
gxf5 40. Ke3 Kd6 41. Nc1 Kd5 42. Ne2 Be1 43. Kd3 c4+ 44. Ke3 Kc5 45. h3 h5 46.
Nc1 h4 47. Ne2 c3 48. Kd3 Bd2 49. Nxc3 Bxf4 50. Ke2 Kd4 51. Kf3 Bg3 52. Ne2+
Ke5 53. Nxg3 hxg3 54. Kxg3 Kf6 1/2-1/2

[Event "Amagermesterskabet 2011"]
[Site "Sundbyoster"]
[Date "2011.09.06"]
[Round "2"]
[White "Sorensen, Johnny"]
[Black "Larsen, Kim"]
[Result "0-1"]
[WhiteElo "1233"]
[BlackElo "1618"]
[PlyCount "72"]
[EventDate "2011.??.??"]

1. d4 d5 2. c4 c6 3. Nc3 Nf6 4. Nf3 dxc4 5. Bg5 Nd5 6. e4 Nxc3 7. bxc3 b5 8.
Be2 g6 9. Qc2 Bg7 10. O-O O-O 11. a4 Bb7 12. Rfd1 a6 13. Qb1 Qc7 14. e5 Nd7 15.
Bxe7 Rfe8 16. Bh4 Nb6 17. axb5 cxb5 18. Bg3 Nd5 19. Qb2 f6 20. exf6 Rxe2 21.
Qxe2 Nxc3 22. Qe6+ Qf7 23. Re1 Bxf6 24. Qxf7+ Kxf7 25. Rac1 Nd5 26. Ne5+ Kg7
27. Nf3 c3 28. Re6 b4 29. Be5 Bxe5 30. Nxe5 b3 31. Nd3 a5 32. Rd6 Rb8 33. Rxd5
Bxd5 34. Rxc3 b2 35. Nxb2 Rxb2 36. h3 a4 0-1

[Event "Amagermesterskabet 2011"]
[Site "Sundbyoster"]
[Date "2011.09.06"]
[Round "2"]
[White "Thorgrimson, Elof"]
[Black "Nielsen, Bjorn"]
[Result "1-0"]
[WhiteElo "1694"]
[BlackElo "1084"]
[PlyCount "79"]
[EventDate "2011.??.??"]

1. e4 e5 2. Nf3 Nc6 3. d4 Nxd4 4. Nxd4 exd4 5. Qxd4 Qf6 6. e5 Qe6 7. Bc4 c5 8.
Qf4 Qg6 9. O-O d6 10. Re1 Be6 11. exd6 Kd7 12. Bb5+ Kd8 13. Nc3 Nf6 14. Bd3 Qg4
15. h3 Qxf4 16. Bxf4 Nh5 17. Bh2 g6 18. Ne4 b6 19. c3 Bh6 20. a3 Bd5 21. c4 Bc6
22. Bc2 f5 23. Nc3 Re8 24. Rxe8+ Kxe8 25. Re1+ Kf8 26. f3 Bd7 27. Re7 Nf6 28.
Be5 Bg7 29. Bxf6 Bxf6 30. Rxd7 h5 31. Kf1 a5 32. Rb7 Bd8 33. Nd5 Rc8 34. d7 Rc6
35. Rb8 Kf7 36. Rxd8 Rd6 37. Nxb6 Ke7 38. Re8+ Kf7 39. d8=Q Rxd8 40. Rxd8 1-0

[Event "Amagermesterskabet 2011"]
[Site "Sundbyoster"]
[Date "2011.09.13"]
[Round "3"]
[White "Andersen, Henrik Hauge"]
[Black "Mollmann, Erik"]
[Result "0-1"]
[WhiteElo "1799"]
[BlackElo "1601"]
[PlyCount "86"]
[EventDate "2011.??.??"]

1. e4 Nc6 2. d4 d5 3. Nc3 e6 4. e5 Be7 5. Be3 Bg5 6. f4 Be7 7. Qg4 g6 8. a3 Nh6
9. Qf3 Nf5 10. Bd3 Ncxd4 11. Bxd4 Nxd4 12. Qd1 c5 13. b3 O-O 14. Qg4 f5 15. Qd1
a6 16. g3 b5 17. h4 Nc6 18. Qd2 d4 19. Nce2 Bb7 20. Rh2 Na5 21. Nc1 c4 22. bxc4
Nxc4 23. Bxc4 bxc4 24. Nce2 Bc5 25. h5 d3 26. hxg6 hxg6 27. cxd3 Bxg1 28. Nxg1
Qd4 29. Nh3 Qxa1+ 30. Ke2 Rad8 31. Ng5 Rxd3 32. Qc2 Rfd8 33. Rh6 Rd2+ 34. Qxd2
Rxd2+ 35. Kxd2 c3+ 36. Ke3 Qe1+ 37. Kd3 Qd2+ 38. Kc4 Bd5+ 39. Kc5 Qe3+ 40. Kd6
Qb6+ 41. Kd7 Qb7+ 42. Kd8 c2 43. Rxg6+ Qg7 0-1

[Event "Amagermesterskabet 2011"]
[Site "Sundbyoster"]
[Date "2011.09.13"]
[Round "3"]
[White "Brorsen, Jacob Abildlund"]
[Black "Lunding, Peter M"]
[Result "1/2-1/2"]
[WhiteElo "2101"]
[BlackElo "1928"]
[PlyCount "56"]
[EventDate "2011.??.??"]

1. Nf3 Nf6 2. d4 d5 3. c4 c6 4. Nc3 e6 5. Bg5 Nbd7 6. a3 Be7 7. e3 O-O 8. Bd3
dxc4 9. Bxc4 Nd5 10. Bxe7 Qxe7 11. e4 Nxc3 12. bxc3 e5 13. Qc2 exd4 14. cxd4
Nb6 15. Ba2 Be6 16. O-O Bxa2 17. Rxa2 Rfe8 18. Re1 Rac8 19. Raa1 Qe6 20. Rac1
h6 21. a4 Nd7 22. a5 Qd6 23. Qa4 b5 24. Qb3 a6 25. e5 Qe6 26. Qb4 Qd5 27. Rc2
c5 28. dxc5 Nxe5 1/2-1/2

[Event "Amagermesterskabet 2011"]
[Site "Sundbyoster"]
[Date "2011.09.20"]
[Round "3"]
[White "Friis, Jordy"]
[Black "Sorensen, Johnny"]
[Result "1-0"]
[WhiteElo "1660"]
[BlackElo "1233"]
[PlyCount "71"]
[EventDate "2011.??.??"]

1. d4 d5 2. c4 c6 3. e3 Nf6 4. Nc3 e6 5. Nf3 Nbd7 6. Bd3 dxc4 7. Bxc4 Nb6 8.
Bb3 Bb4 9. O-O Nbd5 10. Qd3 Bd6 11. e4 Nf4 12. Qc2 N6h5 13. Be3 Ng6 14. h3 Nhf4
15. Qd2 Bc7 16. Rac1 e5 17. Rfd1 Nh4 18. Nxh4 Qxh4 19. Bxf4 exf4 20. Qe2 Qg5
21. Qf3 Qg6 22. d5 Bd7 23. Ba4 O-O-O 24. dxc6 bxc6 25. Ne2 Qf6 26. b4 Rhe8 27.
Nd4 c5 28. Bxd7+ Rxd7 29. Nb5 a6 30. Rxd7 Kxd7 31. Nxc7 Kxc7 32. Rxc5+ Kb6 33.
a3 Re5 34. Rc1 g5 35. Qd3 Re6 36. Qd5 1-0